| 000 | 00391nam a2200181Ia 4500 | ||
|---|---|---|---|
| 001 | 2733 | ||
| 005 | 20260306144828.0 | ||
| 008 | 260306t1999||||xx |||||||||||||| ||spa|| | ||
| 041 | _aESP | ||
| 082 |
_a220 _bC32 |
||
| 100 |
_aLa Casa de la Biblia _eAUT |
||
| 245 | 0 | _aBiblia de América | |
| 260 | _c1999 | ||
| 300 |
_a _c |
||
| 650 | _aGEN | ||
| 654 | _aCHU | ||
| 942 |
_cLIB _dJUS _fJUS _2ddc _n |
||
| 999 |
_c2733 _d2733 |
||